000 00384nam a22001217a 4500
020 _aNA
082 _222
_a320.55498
100 _aKhenpo Jangsem Tashi.
245 _aMonograph 15 buddhist view on gross national happiness /
260 _aThe Center for Bhutan studies, Thimphu,
_bThe Center for Bhutan studies, Thimphu,
_cc2005
300 _a189 p, ;
_bNA
_c24cm.
942 _2ddc
_cGEN
_03
999 _c1497
_d1497